[Event "SR 4. liga A21 2016/2017"]
[Site "?"]
[Date "2016.11.20"]
[Round "4.2"]
[White "Bendzela, Tibor"]
[Black "Pripko, Bystrik"]
[Result "0-1"]
[WhiteElo "1657"]
[BlackElo "1660"]
[PlyCount "132"]
[EventDate "2016.??.??"]

1. e4 e5 2. d4 exd4 3. Qxd4 Nc6 4. Qe3 d6 5. Nc3 Nf6 6. Bd2 Be6 7. O-O-O Qe7 8.
f3 h6 9. Qf2 Nd7 10. h3 Nb6 11. g4 g6 12. h4 O-O-O 13. Bb5 Bd7 14. Be3 Bg7 15.
Bxb6 axb6 16. Nge2 Qe5 17. Rd5 Qe7 18. Rhd1 Nb4 19. Bxd7+ Rxd7 20. Rb5 Na6 21.
Nd5 Qd8 22. a4 Nc5 23. a5 bxa5 24. Rxa5 Kb8 25. Ra2 c6 26. Ndc3 Qb6 27. Qg3
Rhd8 28. f4 f6 29. g5 hxg5 30. hxg5 f5 31. e5 d5 32. Nd4 Ne4 33. Nxe4 dxe4 34.
c3 c5 35. e6 Re7 36. Nb3 Rxd1+ 37. Kxd1 Qxe6 38. Ra3 Rd7+ 39. Kc2 Qd5 40. Kb1
Qd3+ 41. Qxd3 Rxd3 42. Kc2 c4 43. Nc5 Rf3 44. Ne6 Rf2+ 45. Kd1 Bh8 46. Ra4 Rxb2
47. Rxc4 e3 48. Nf8 e2+ 49. Ke1 Rc2 50. Nxg6 Bxc3+ 51. Rxc3 Rxc3 52. Kxe2 b5
53. Ne5 b4 54. g6 Rc7 55. g7 Rxg7 56. Nc6+ Kc7 57. Nxb4 Kd6 58. Kf3 Ra7 59. Nc2
Ra4 60. Ke3 Kd5 61. Kf3 Ra5 62. Ne3+ Kd4 63. Nc2+ Kc3 64. Ne3 Kd3 65. Nd1 Ra3
66. Ne3 Kd4 0-1

[Event "SR 4. liga A21 2016/2017"]
[Site "?"]
[Date "2016.11.20"]
[Round "4.2"]
[White "Kuracina, Lubomir"]
[Black "Dest, Stanislav"]
[Result "1/2-1/2"]
[WhiteElo "1000"]
[BlackElo "1402"]
[PlyCount "98"]
[EventDate "2016.??.??"]

1. e4 e5 2. Nf3 d6 3. d4 exd4 4. Nxd4 Nf6 5. Bd3 Be7 6. c4 O-O 7. O-O Nbd7 8.
Nc3 Ne5 9. f4 Nxd3 10. Qxd3 c5 11. Nc2 Bd7 12. a3 Qc7 13. b4 Rad8 14. h3 a6 15.
Be3 b6 16. Rae1 Bc8 17. Kh2 Bb7 18. Bf2 Rfe8 19. Ne3 h6 20. Ncd5 Nxd5 21. Nxd5
Bxd5 22. Qxd5 Bf6 23. Re2 Re6 24. h4 Qe7 25. g3 Re8 26. Rd1 Rxe4 27. Rxe4 Qxe4
28. Qxe4 Rxe4 29. Rxd6 Re2 30. Kg1 cxb4 31. axb4 Rc2 32. Rxb6 Rxc4 33. Bc5 a5
34. Kg2 axb4 35. Bxb4 Rc2+ 36. Kf3 Rb2 37. Rb8+ Kh7 38. Bd6 Rxb8 39. Bxb8 Kg8
40. Be5 Be7 41. h5 f6 42. Bd4 Kf7 43. Ke4 Ke6 44. f5+ Kf7 45. Kd5 Bb4 46. Bc5
Be1 47. Bd6 Bd2 48. Kc6 Bc3 49. Kd7 Be5 1/2-1/2

[Event "SR 4. liga A21 2016/2017"]
[Site "?"]
[Date "2016.11.20"]
[Round "4.3"]
[White "Blatnicky, Miroslav"]
[Black "Spacek, Oliver"]
[Result "1-0"]
[WhiteElo "2110"]
[BlackElo "2081"]
[PlyCount "73"]
[EventDate "2016.??.??"]

1. e4 c5 2. Nf3 e6 3. Nc3 a6 4. d4 cxd4 5. Nxd4 b5 6. Be2 Bb7 7. Bf3 Be7 8. O-O
Qc7 9. Re1 Nc6 10. Nxc6 dxc6 11. Qd4 e5 12. Qd3 Nf6 13. Bg5 O-O 14. Rad1 a5 15.
Bxf6 Bxf6 16. Qd6 Qc8 17. Qd7 Qb8 18. Ne2 Rd8 19. Qh3 Qc7 20. Ng3 g6 21. Nf1 h5
22. g4 Rxd1 23. Rxd1 Bc8 24. Qg2 hxg4 25. Bxg4 Kf8 26. Rd3 Bxg4 27. Qxg4 Ke7
28. Ne3 Rh8 29. Qe2 Bg5 30. Ng2 Qc8 31. Qe1 Bf4 32. Nxf4 exf4 33. Qc3 Rh5 34.
h3 Qe6 35. Qxa5 Qxe4 36. Qd8+ Ke6 37. Rd6+ 1-0

[Event "SR 4. liga A21 2016/2017"]
[Site "?"]
[Date "2016.11.20"]
[Round "4.3"]
[White "Ocko, Martin"]
[Black "Podjavorinsky, Michal"]
[Result "1-0"]
[WhiteElo "1870"]
[BlackElo "1881"]
[PlyCount "119"]
[EventDate "2016.??.??"]

1. d4 Nf6 2. Nf3 g6 3. g3 Bg7 4. Bg2 O-O 5. O-O d6 6. b3 c5 7. c3 e6 8. Bb2 Nc6
9. Nbd2 cxd4 10. Nxd4 Nxd4 11. cxd4 d5 12. b4 Bd7 13. a4 Qe7 14. Qb3 Rfc8 15.
Rfc1 Bf8 16. Ba3 Qd8 17. e3 Rxc1+ 18. Rxc1 Rc8 19. Bf1 Rxc1 20. Bxc1 Qc7 21.
Bb2 Qd6 22. b5 Qc7 23. Bd3 b6 24. Qc3 Qxc3 25. Bxc3 Bd6 26. f3 Ne8 27. Kf2 f5
28. Nb3 Nf6 29. Bc2 Bc8 30. Bd3 Kf7 31. Na1 Bb7 32. Nc2 Ke7 33. a5 Ne8 34. a6
Bc8 35. e4 Kf7 36. exd5 exd5 37. Bb4 Ke6 38. Bxd6 Nxd6 39. Na3 Bd7 40. Ke3 Kf6
41. Kd2 h5 42. Kc3 Kg5 43. Kb4 h4 44. Nb1 hxg3 45. hxg3 f4 46. gxf4+ Kxf4 47.
Nc3 Be6 48. Bxg6 Kxf3 49. Na4 Nc4 50. Bd3 Ke3 51. Bxc4 dxc4 52. Kc3 Ke4 53. Nb2
Bd7 54. Nxc4 Be6 55. Ne5 Bh3 56. Nc6 Bf1 57. Nxa7 Kd5 58. Nc8 Bxb5 59. a7 Bc6
60. Nxb6+ 1-0

[Event "SR 4. liga A21 2016/2017"]
[Site "?"]
[Date "2016.11.20"]
[Round "4.3"]
[White "Miciak, Emanuel"]
[Black "Danada, Ondrej"]
[Result "1/2-1/2"]
[WhiteElo "1849"]
[BlackElo "1889"]
[PlyCount "111"]
[EventDate "2016.??.??"]

1. d4 Nf6 2. c4 e6 3. Nf3 b6 4. g3 Ba6 5. Qc2 d5 6. cxd5 exd5 7. Bg2 Bb4+ 8.
Bd2 Bxd2+ 9. Qxd2 Ne4 10. Qc2 O-O 11. O-O Re8 12. Re1 Nd7 13. Nbd2 Ndf6 14. Ne5
Nxd2 15. Qxd2 c5 16. e3 c4 17. Qc2 b5 18. Qf5 Bc8 19. Qf4 Be6 20. g4 Nd7 21.
Nf3 Qf6 22. Qg3 Qg6 23. g5 Qc2 24. h4 Qxb2 25. h5 Bf5 26. Nh4 Be4 27. Bxe4 Rxe4
28. Rab1 Qd2 29. Rbd1 Qxa2 30. f3 Re6 31. f4 Rae8 32. f5 Re4 33. f6 Qb3 34. Nf5
g6 35. Nh6+ Kh8 36. Nxf7+ Kg8 37. Nh6+ Kh8 38. Nf7+ Kg8 39. Nd6 R8e6 40. Nxe4
Rxe4 41. hxg6 hxg6 42. Qh3 Nf8 43. f7+ Kxf7 44. Rf1+ Ke7 45. Rde1 c3 46. Qc8
Ne6 47. Qb7+ Kd8 48. Qb8+ Ke7 49. Qxa7+ Kd8 50. Qb8+ Ke7 51. Qg3 c2 52. Qf3 b4
53. Qf6+ Kd6 54. Qf3 Qc3 55. Qe2 b3 56. Qa6+ 1/2-1/2

[Event "SR 4. liga A21 2016/2017"]
[Site "?"]
[Date "2016.11.20"]
[Round "4.3"]
[White "Diviak, Rudolf"]
[Black "Smrek, Peter"]
[Result "1-0"]
[WhiteElo "1802"]
[BlackElo "1797"]
[PlyCount "129"]
[EventDate "2016.??.??"]

1. e4 c5 2. Bc4 e6 3. Qe2 Nc6 4. c3 Nge7 5. Nf3 a6 6. Bb3 g6 7. O-O Bg7 8. d3
O-O 9. Nbd2 b5 10. a4 Bb7 11. Re1 b4 12. c4 f5 13. Bc2 Qc7 14. Rb1 h6 15. b3
Nd4 16. Nxd4 cxd4 17. Bb2 g5 18. Nf3 Qc5 19. Nd2 Ng6 20. g3 f4 21. Rf1 d5 22.
exd5 exd5 23. Qh5 Kh7 24. Nf3 Bf6 25. Rbe1 Rae8 26. h4 Rxe1 27. Rxe1 gxh4 28.
g4 Kg7 29. g5 hxg5 30. Nxg5 Bxg5 31. Qxg5 Qb6 32. cxd5 Qf6 33. Qxf6+ Kxf6 34.
Bxd4+ Kf7 35. Bc5 Rg8 36. d4 Bxd5 37. Kh2 a5 38. Rg1 f3 39. Rg5 Bb7 40. Bd3 Kf6
41. Rf5+ Ke6 42. Rh5 Nf4 43. Rh6+ Kf7 44. Bc4+ Nd5 45. Rh7+ Rg7 46. Rxg7+ Kxg7
47. Kh3 Kf6 48. Kxh4 Bc6 49. Kg3 Nc3 50. Bb6 Kf5 51. d5 Bxd5 52. Bxd5 Nxd5 53.
Bxa5 Ke4 54. Bd8 Nf4 55. a5 Ne2+ 56. Kg4 Kd5 57. Be7 Nd4 58. Bxb4 Nxb3 59. Kxf3
Kc4 60. a6 Nd4+ 61. Ke4 Nc6 62. f4 Kxb4 63. Kd5 Kb5 64. f5 Nb4+ 65. Kd6 1-0

[Event "SR 4. liga A21 2016/2017"]
[Site "?"]
[Date "2016.11.20"]
[Round "4.3"]
[White "Kincel, Jan"]
[Black "Trojkova, Michaela"]
[Result "1-0"]
[WhiteElo "1995"]
[BlackElo "1691"]
[PlyCount "45"]
[EventDate "2016.??.??"]

1. e4 c5 2. Nf3 Nc6 3. d4 cxd4 4. Nxd4 g6 5. c4 Bg7 6. Be3 Nf6 7. Nc3 Ng4 8.
Qxg4 Nxd4 9. Qd1 Nc6 10. Qd2 O-O 11. Be2 d6 12. O-O Be6 13. Rfd1 Ne5 14. Nd5
Ng4 15. Bxg4 Bxg4 16. f3 Bd7 17. c5 Ba4 18. cxd6 Qxd6 19. Rdc1 Qe5 20. Rab1 Bc6
21. Rc5 Qd6 22. Rbc1 e6 23. Nf6+ 1-0

[Event "SR 4. liga A21 2016/2017"]
[Site "?"]
[Date "2016.11.20"]
[Round "4.4"]
[White "Ganzova, Veronika"]
[Black "Pericka, Tomas"]
[Result "0-1"]
[WhiteElo "1674"]
[BlackElo "1996"]
[PlyCount "64"]
[EventDate "2016.??.??"]

1. e4 c5 2. Nf3 Nc6 3. d4 cxd4 4. Nxd4 g6 5. c4 Bg7 6. Be3 Nf6 7. Nc3 Ng4 8.
Qxg4 Nxd4 9. Qd1 e5 10. Bd3 O-O 11. Qd2 d6 12. Bh6 Bh3 13. Bf1 Be6 14. Bxg7
Kxg7 15. Ne2 Nc6 16. Nc3 a6 17. O-O-O Qa5 18. Kb1 Rfd8 19. h4 h6 20. Qc2 b5 21.
Nd5 Bxd5 22. cxd5 Nd4 23. Qd2 Qb6 24. f4 h5 25. Qe3 Rac8 26. Bd3 b4 27. Rhg1 b3
28. axb3 Qxb3 29. Qd2 Nb5 30. Bxb5 axb5 31. fxe5 Ra8 32. Qd4 Rdc8 0-1

[Event "SR 4. liga A21 2016/2017"]
[Site "?"]
[Date "2016.11.20"]
[Round "4.4"]
[White "Sadlon, Juraj"]
[Black "Sottnik, Filip"]
[Result "1-0"]
[WhiteElo "1856"]
[BlackElo "1692"]
[PlyCount "89"]
[EventDate "2016.??.??"]

1. e4 e5 2. Nf3 Nc6 3. Bb5 a6 4. Ba4 d6 5. O-O Nf6 6. Re1 Be7 7. c3 Bg4 8. h3
Bh5 9. d3 h6 10. Nbd2 O-O 11. Nf1 Nh7 12. Ng3 Bg6 13. Qe2 b5 14. Bc2 Qd7 15.
Be3 Bf6 16. Nh2 Rfe8 17. Ng4 Bg5 18. Bxg5 Nxg5 19. Ne3 Ne7 20. Rf1 f6 21. Bb3+
Kh8 22. h4 Ne6 23. Qg4 Nc5 24. Qxd7 Nxd7 25. d4 Kh7 26. h5 Bxe4 27. Nxe4 exd4
28. cxd4 Nb6 29. Rac1 d5 30. Ng3 c6 31. Ngf5 Nxf5 32. Nxf5 Re6 33. Bc2 Kg8 34.
Ne3 Ra7 35. Bf5 Rd6 36. Bg6 Nc4 37. Nf5 Rd8 38. Rfe1 Rc7 39. Re6 Kf8 40. b3 Na5
41. Rce1 Rcc8 42. Re7 c5 43. Rf7+ Kg8 44. Rxg7+ Kf8 45. Rh7 1-0

[Event "SR 4. liga A21 2016/2017"]
[Site "?"]
[Date "2016.11.20"]
[Round "4.4"]
[White "Lackovic, Marek"]
[Black "Likavska, Barbora"]
[Result "1/2-1/2"]
[WhiteElo "1674"]
[BlackElo "1849"]
[PlyCount "33"]
[EventDate "2016.??.??"]

1. e4 c5 2. Nf3 d6 3. d4 cxd4 4. Nxd4 Nf6 5. Nc3 a6 6. Be2 e6 7. Be3 Be7 8. f3
O-O 9. Qd2 b5 10. Bd3 Bb7 11. g4 Nbd7 12. g5 Nh5 13. f4 g6 14. Rf1 Nc5 15. f5
Nxd3+ 16. cxd3 Qd7 17. Nce2 1/2-1/2

[Event "SR 4. liga A21 2016/2017"]
[Site "?"]
[Date "2016.11.20"]
[Round "4.4"]
[White "Skapik, Branislav"]
[Black "Dzurjaninova, Hana"]
[Result "0-1"]
[WhiteElo "1861"]
[BlackElo "1652"]
[PlyCount "72"]
[EventDate "2016.??.??"]

1. c4 c5 2. Nc3 Nc6 3. Nf3 Nf6 4. d3 g6 5. g3 Bg7 6. Bg2 d6 7. O-O O-O 8. Bd2
Bd7 9. Qc1 Ng4 10. Rb1 Rb8 11. a3 a6 12. b4 b6 13. h3 Nge5 14. Nxe5 Bxe5 15.
Bf4 Bg7 16. Bh6 Qc8 17. Bxg7 Kxg7 18. Kh2 h5 19. Ne4 Rh8 20. Qc3+ f6 21. h4 Ne5
22. Rbc1 Bg4 23. f4 Nf7 24. Rf2 Nh6 25. Ng5 Nf5 26. e4 Nd4 27. bxc5 bxc5 28. e5
dxe5 29. fxe5 fxg5 30. Rcf1 Rf8 31. Rxf8 Qxf8 32. Rxf8 Rxf8 33. hxg5 Rf2 34.
Kh1 Bf3 35. Qa5 Rxg2 36. Qxc5 Nf5 0-1

[Event "SR 4. liga A21 2016/2017"]
[Site "?"]
[Date "2016.11.20"]
[Round "4.4"]
[White "Ganz, Tomas"]
[Black "Brath, Zdeno"]
[Result "0-1"]
[WhiteElo "1329"]
[BlackElo "1524"]
[PlyCount "66"]
[EventDate "2016.??.??"]

1. e4 e5 2. Nf3 Nc6 3. Bb5 d6 4. Nc3 Bd7 5. d3 h6 6. Be3 Be7 7. Qd2 Nf6 8.
O-O-O a6 9. Bxc6 Bxc6 10. h3 b5 11. a3 a5 12. g4 b4 13. axb4 axb4 14. Nb1 Qb8
15. Qe2 Ra2 16. Nfd2 d5 17. d4 Bb5 18. Qf3 c5 19. Qg3 Nd7 20. dxe5 Nxe5 21.
exd5 Bf6 22. Nf3 O-O 23. Bf4 Nc4 24. Rd4 Qa8 25. g5 Bxd4 26. Nxd4 h5 27. Nxb5
Rxb2 28. Qd3 Qa2 29. c3 Re8 30. Be3 Nxe3 31. fxe3 Rxe3 32. Qf5 Rbe2 33. Qc8+
Re8 0-1

[Event "SR 4. liga A21 2016/2017"]
[Site "?"]
[Date "2016.11.21"]
[Round "4.5"]
[White "Valla, Tomas"]
[Black "Lajda, Dusan"]
[Result "1/2-1/2"]
[WhiteElo "1846"]
[BlackElo "1778"]
[PlyCount "25"]
[EventDate "2016.??.??"]

1. e4 c5 2. c3 d6 3. d4 cxd4 4. cxd4 g6 5. Nc3 Bg7 6. Be3 Nf6 7. Bd3 O-O 8. f3
Nc6 9. Qd2 a6 10. a3 b5 11. b4 Bb7 12. Nge2 Rc8 13. Rc1 1/2-1/2

[Event "SR 4. liga A21 2016/2017"]
[Site "?"]
[Date "2016.11.21"]
[Round "4.5"]
[White "Orvisky, Vladimir"]
[Black "Zajicek, Ferdinand"]
[Result "1/2-1/2"]
[WhiteElo "1751"]
[BlackElo "1760"]
[PlyCount "120"]
[EventDate "2016.??.??"]

1. c4 e5 2. Nc3 Nf6 3. Nf3 Nc6 4. g3 Bc5 5. Bg2 O-O 6. O-O a6 7. d3 d6 8. Qb3
Be6 9. Ng5 Qc8 10. Nxe6 fxe6 11. Bd2 Rb8 12. Qd1 Ne7 13. Qc1 Qe8 14. Ne4 Nxe4
15. Bxe4 Qf7 16. e3 Nf5 17. b4 Ba7 18. a4 c6 19. b5 Qc7 20. Qe1 Bc5 21. Rb1
cxb5 22. cxb5 d5 23. Bg2 Rf7 24. Qc1 Bd6 25. Qxc7 Bxc7 26. bxa6 bxa6 27. Rxb8+
Bxb8 28. Rc1 Rc7 29. Rxc7 Bxc7 30. Bb4 Kf7 31. e4 dxe4 32. dxe4 Nd4 33. Bf1 a5
34. Bc5 Nb3 35. Be3 h6 36. Bc4 Nd4 37. Kg2 Ke7 38. Bc1 Bd6 39. Bb2 Kd7 40. Bc3
Bc7 41. Kf1 Kd6 42. Bxd4 exd4 43. Ke2 e5 44. Kd3 Kc5 45. h4 Bd6 46. h5 Kb4 47.
Bb5 Kc5 48. Bc4 Kb4 49. Bb5 Kb3 50. f4 Kb4 51. fxe5 Bxe5 52. g4 Kc5 53. Be8 Bf4
54. Bb5 Be3 55. Be8 Kd6 56. Bb5 Ke5 57. Bc6 Kf4 58. Bd7 Ke5 59. Bc6 Kf6 60. Be8
Kg5 1/2-1/2

[Event "SR 4. liga A21 2016/2017"]
[Site "?"]
[Date "2016.11.21"]
[Round "4.5"]
[White "Kastler, Peter"]
[Black "Krchnak, Rudolf"]
[Result "1-0"]
[WhiteElo "1747"]
[BlackElo "1705"]
[PlyCount "71"]
[EventDate "2016.??.??"]

1. d4 Nf6 2. c4 c5 3. Nf3 e6 4. e3 Qc7 5. Be2 g6 6. b3 Bg7 7. Bb2 O-O 8. Nc3 a6
9. O-O b6 10. dxc5 bxc5 11. Nd2 Bb7 12. Bf3 Rd8 13. Bxb7 Qxb7 14. Qf3 Qxf3 15.
Nxf3 Ne4 16. Nxe4 Bxb2 17. Rad1 Ba3 18. Rd6 Nc6 19. Rxd7 Kg7 20. Rfd1 Rxd7 21.
Rxd7 Rd8 22. Rxd8 Nxd8 23. Ne5 f5 24. Nd2 Nb7 25. Nd3 a5 26. Nb1 Bb4 27. a3 Kf6
28. axb4 axb4 29. Nd2 e5 30. f3 Ke6 31. Kf2 Kd6 32. e4 f4 33. g3 g5 34. gxf4
gxf4 35. Kg2 Nd8 36. Kh3 1-0

[Event "SR 4. liga A21 2016/2017"]
[Site "?"]
[Date "2016.11.21"]
[Round "4.5"]
[White "Jancovicova, Petra"]
[Black "Papanek, Lubomir"]
[Result "1-0"]
[WhiteElo "1666"]
[BlackElo "1665"]
[PlyCount "65"]
[EventDate "2016.??.??"]

1. e4 d5 2. exd5 Qxd5 3. Nc3 Qa5 4. d4 Bf5 5. Nf3 Nf6 6. Be2 Nbd7 7. O-O c6 8.
Bf4 h6 9. h3 e6 10. a3 Qd8 11. Qd2 Nb6 12. Rfd1 Bd6 13. Rac1 Qc7 14. Bxd6 Qxd6
15. Bd3 Bh7 16. Ne5 O-O 17. Bxh7+ Nxh7 18. Ne4 Qe7 19. c4 Nd7 20. f4 Rad8 21.
c5 Nxe5 22. fxe5 f6 23. exf6 Nxf6 24. Nxf6+ Qxf6 25. Qb4 Qf2+ 26. Kh1 Qh4 27.
Qxb7 Rb8 28. Qxc6 Rxb2 29. Qxe6+ Kh8 30. Qg4 Qd8 31. c6 Rff2 32. c7 Rf1+ 33.
Rxf1 1-0

[Event "SR 4. liga A21 2016/2017"]
[Site "?"]
[Date "2016.11.21"]
[Round "4.5"]
[White "Mraz, Jan"]
[Black "Madzo, Anton"]
[Result "1/2-1/2"]
[WhiteElo "1545"]
[BlackElo "1508"]
[PlyCount "80"]
[EventDate "2016.??.??"]

1. d4 c6 2. c4 d5 3. cxd5 cxd5 4. g3 e6 5. Nc3 Bb4 6. Bd2 Ne7 7. Bg2 Nbc6 8. e3
O-O 9. Nge2 a6 10. Rc1 Bd7 11. O-O Rc8 12. a3 Bd6 13. e4 dxe4 14. Nxe4 Be8 15.
Bc3 Nd5 16. Qd3 Nce7 17. Ng5 Ng6 18. f4 Bb5 19. Qd2 Be7 20. h4 h6 21. Nh3 f5
22. Rfe1 Bc6 23. Nf2 Re8 24. Nd3 Bb5 25. Ne5 Nxe5 26. dxe5 Bc5+ 27. Bd4 Qb6 28.
Bxc5 Rxc5 29. Kh2 Bxe2 30. Rxe2 Re7 31. Bxd5 Rxd5 32. Qc3 Red7 33. Rcc2 Rd1 34.
Qc5 Qxc5 35. Rxc5 Kf7 36. Rec2 R1d2+ 37. Kh3 Rxc2 38. Rxc2 h5 39. Kg2 Ke7 40.
Kf2 Kd8 1/2-1/2

[Event "SR 4. liga A21 2016/2017"]
[Site "?"]
[Date "2016.11.20"]
[Round "4.6"]
[White "Zlamal, Marek"]
[Black "Nemeckay, Rastislav"]
[Result "0-1"]
[WhiteElo "1766"]
[BlackElo "2008"]
[PlyCount "120"]
[EventDate "2016.??.??"]

1. d4 f5 2. c4 Nf6 3. Nc3 g6 4. Nf3 Bg7 5. e3 O-O 6. Bd3 b6 7. O-O Bb7 8. a3 e6
9. Re1 d5 10. b4 Nbd7 11. Ne2 Ne4 12. Nf4 Qe7 13. Qb3 c6 14. b5 Ndc5 15. Qb4
Rfe8 16. Bc2 cxb5 17. cxd5 exd5 18. Rb1 Ne6 19. Qxe7 Rxe7 20. Nxe6 Rxe6 21.
Rxb5 Rc8 22. Bb3 Nc3 23. a4 a6 24. Rb4 a5 25. Ng5 Rf6 26. Rb5 Nxb5 27. axb5 h6
28. Nf3 Rf7 29. Nd2 Rfc7 30. Bb2 Rc2 31. Bxc2 Rxc2 32. Bc1 Bc8 33. Nb1 Bf8 34.
Ba3 Bd7 35. Kf1 Bxb5+ 36. Kg1 Bd7 37. Rc1 Rxc1+ 38. Bxc1 Kf7 39. Kf1 Bb5+ 40.
Ke1 Bb4+ 41. Bd2 Bxd2+ 42. Kxd2 Ke6 43. Kc3 g5 44. g3 Bc4 45. Kb2 b5 46. Nc3 f4
47. exf4 gxf4 48. g4 Kf6 49. h4 b4 50. Na4 Be2 51. Nb6 Ke6 52. g5 hxg5 53. hxg5
Bh5 54. Kb3 Be8 55. g6 Bxg6 56. Ka4 Be8+ 57. Kb3 Bd7 58. Na8 Kd6 59. Nb6 Bc6
60. Nc8+ Kd7 0-1

[Event "SR 4. liga A21 2016/2017"]
[Site "?"]
[Date "2016.11.20"]
[Round "4.6"]
[White "Klimes, Karel"]
[Black "Vach, Jozef"]
[Result "0-1"]
[WhiteElo "1634"]
[BlackElo "1702"]
[PlyCount "118"]
[EventDate "2016.??.??"]

1. e4 e5 2. Nf3 Nc6 3. Bc4 Be7 4. c3 d6 5. d4 Bg4 6. Qb3 Kf8 7. Qxb7 Na5 8. Qd5
Nxc4 9. Qxc4 h6 10. Nbd2 Be6 11. d5 Bd7 12. a4 g5 13. O-O Kg7 14. b4 a6 15. Bb2
Nf6 16. Qd3 Qe8 17. c4 Bxa4 18. Rfc1 Bd8 19. Nb1 Be7 20. Nc3 Bd7 21. Ne2 Nh5
22. Nd2 Nf4 23. Nxf4 gxf4 24. Qf3 Kh7 25. Rc3 Rg8 26. Kf1 Qb8 27. Rb3 Qb6 28.
h3 Rg7 29. Ke2 Rag8 30. Rg1 Ba4 31. Rc3 Qxb4 32. Ra3 Bc2 33. Bc1 a5 34. g4 Ba4
35. Qc3 Qxc3 36. Rxc3 Bd7 37. Ba3 Rb8 38. Rb1 Rxb1 39. Nxb1 a4 40. Rc2 Rg8 41.
Rb2 Rc8 42. Nc3 Be8 43. Rb7 Bf8 44. Kd2 Kg7 45. f3 c6 46. Nxa4 Ra8 47. Nb6 Rxa3
48. Rb8 Ra6 49. Na8 Bd7 50. Rd8 cxd5 51. Nc7 Ra2+ 52. Kc3 Ba4 53. Ra8 d4+ 54.
Kb4 d5+ 55. c5 dxe4 56. Ne8+ Kg6 57. Nd6 e3 58. Nc4 f6 59. Rxf8 e2 0-1

[Event "SR 4. liga A21 2016/2017"]
[Site "?"]
[Date "2016.11.20"]
[Round "4.6"]
[White "Kovarik, Oto"]
[Black "Valigursky, Michal"]
[Result "1/2-1/2"]
[WhiteElo "1793"]
[BlackElo "1600"]
[PlyCount "74"]
[EventDate "2016.??.??"]

1. e4 e5 2. Nf3 Nc6 3. Bb5 a6 4. Ba4 Nf6 5. O-O b5 6. Bb3 d6 7. Re1 Be7 8. c3
Na5 9. Bc2 c5 10. h3 O-O 11. d3 Qc7 12. Bd2 Nc6 13. a4 Bb7 14. Na3 b4 15. Nc4
Na5 16. cxb4 Nxc4 17. dxc4 cxb4 18. b3 a5 19. Bg5 Rfd8 20. Qe2 h6 21. Bh4 Nh5
22. Bxe7 Qxe7 23. g3 Nf6 24. Rad1 g6 25. Qe3 Kg7 26. Nh2 Qe6 27. g4 h5 28. g5
Nh7 29. h4 Ra6 30. Rf1 f6 31. f4 exf4 32. Qxf4 fxg5 33. hxg5 Rf8 34. Qe3 Rxf1+
35. Rxf1 Qe5 36. Nf3 Qg3+ 37. Kh1 Qh3+ 1/2-1/2

[Event "SR 4. liga A21 2016/2017"]
[Site "?"]
[Date "2016.11.20"]
[Round "4.6"]
[White "Wallner, Juraj"]
[Black "Stehlik, Jan"]
[Result "1-0"]
[WhiteElo "1550"]
[BlackElo "1626"]
[PlyCount "63"]
[EventDate "2016.??.??"]

1. e4 e5 2. Nf3 Nc6 3. d4 exd4 4. Nxd4 Qf6 5. Be3 Bc5 6. c3 d6 7. Be2 Nge7 8.
O-O O-O 9. f4 Re8 10. Qd2 Ng6 11. Nxc6 Bxe3+ 12. Qxe3 bxc6 13. Nd2 Bd7 14. Rab1
c5 15. Qg3 Rab8 16. b3 a5 17. Rbc1 Ra8 18. Bd3 Ra7 19. Kh1 Rb8 20. Qe3 Raa8 21.
e5 Qe7 22. Rce1 Re8 23. Ne4 Rab8 24. Ng5 Nf8 25. Qg3 Qd8 26. f5 Rxe5 27. Rxe5
dxe5 28. f6 Ng6 29. fxg7 Be6 30. Bxg6 hxg6 31. Nxe6 Qd6 32. Qh4 1-0

[Event "SR 4. liga A21 2016/2017"]
[Site "?"]
[Date "2016.11.20"]
[Round "4.6"]
[White "Svrcek, Daniel"]
[Black "Tomasovic, Roman"]
[Result "0-1"]
[WhiteElo "1312"]
[BlackElo "1562"]
[PlyCount "84"]
[EventDate "2016.??.??"]

1. e4 c5 2. Nf3 g6 3. d4 Bg7 4. Nc3 cxd4 5. Nxd4 e6 6. Be3 Ne7 7. Bb5 a6 8. Ba4
b5 9. Bb3 Bb7 10. a3 Nbc6 11. O-O O-O 12. Re1 Rc8 13. Nxc6 Bxc6 14. Bd2 Kh8 15.
Qe2 Bb7 16. Rad1 Nc6 17. Rc1 Nd4 18. Qd1 Nxb3 19. cxb3 f5 20. exf5 Rxf5 21. Re3
Kg8 22. Qe2 Bd4 23. Nd1 Bxe3 24. Nxe3 Rxc1+ 25. Bxc1 Rf7 26. Ng4 Qc7 27. Bd2
Kf8 28. Ne5 Rf5 29. Ng4 Ke8 30. Nh6 Re5 31. Be3 Qc1+ 32. Bxc1 Rxe2 33. Kf1 Rc2
34. Be3 Rxb2 35. b4 Rb1+ 36. Ke2 Bxg2 37. Ng4 h5 38. Ne5 Be4 39. Bd2 Ra1 40.
Ke3 Bf5 41. Ke2 Rxa3 42. Nf3 Bg4 0-1

[Event "SR 4. liga A21 2016/2017"]
[Site "?"]
[Date "2016.12.04"]
[Round "5.1"]
[White "Wallner, Juraj"]
[Black "Kanka, Tomas"]
[Result "1/2-1/2"]
[WhiteElo "1569"]
[BlackElo "1696"]
[PlyCount "39"]
[EventDate "2016.??.??"]

1. e4 e5 2. Nf3 d6 3. d4 exd4 4. Nxd4 Be7 5. Nc3 Nf6 6. Bc4 a6 7. a4 O-O 8. O-O
c5 9. Nf3 Nc6 10. h3 h6 11. Re1 Ne5 12. Nxe5 dxe5 13. Qf3 Qc7 14. Be3 Bd7 15.
Rad1 Rad8 16. b3 Bc6 17. Nd5 Bxd5 18. Bxd5 Nxd5 19. exd5 Bd6 20. Rc1 1/2-1/2

[Event "SR 4. liga A21 2016/2017"]
[Site "?"]
[Date "2016.12.04"]
[Round "5.1"]
[White "Vlk, Jaroslav"]
[Black "Tomasovic, Roman"]
[Result "0-1"]
[WhiteElo "1492"]
[BlackElo "1560"]
[PlyCount "77"]
[EventDate "2016.??.??"]

1. e4 g6 2. d4 Bg7 3. Nf3 d6 4. Nc3 a6 5. Bf4 b5 6. g3 Bb7 7. Qd3 Nd7 8. a4 c6
9. Bh3 Nb6 10. b3 b4 11. Na2 a5 12. c3 bxc3 13. Nxc3 Ba6 14. Qd2 e6 15. O-O-O
Ne7 16. Rhe1 O-O 17. e5 d5 18. Bh6 Rc8 19. Bf1 Bxf1 20. Rxf1 c5 21. Bxg7 Kxg7
22. g4 cxd4 23. Nxd4 Nc6 24. Kb2 Nb4 25. Rc1 Qh4 26. f3 Qe7 27. Ncb5 f6 28.
Rxc8 Rxc8 29. f4 Nd7 30. Nd6 Rf8 31. Qe2 fxe5 32. fxe5 Rxf1 33. Qxf1 Nxe5 34.
Nc8 Qd7 35. Nb6 Nbd3+ 36. Kb1 Qd6 37. Nc8 Qc5 38. Qg1 Nc6 39. Nxe6+ 0-1

[Event "SR 4. liga A21 2016/2017"]
[Site "?"]
[Date "2016.12.04"]
[Round "5.1"]
[White "Tomasovic, Pavol"]
[Black "Ralbovsky, Milan"]
[Result "1/2-1/2"]
[WhiteElo "1308"]
[BlackElo "1523"]
[PlyCount "90"]
[EventDate "2016.??.??"]

1. e4 e5 2. Nf3 Nc6 3. Bc4 h6 4. c3 Nf6 5. O-O Nxe4 6. d4 d5 7. Bd3 Bg4 8. Re1
f5 9. Nbd2 Bd6 10. Be2 Nxd2 11. Nxd2 Bxe2 12. Qxe2 e4 13. Qh5+ Ke7 14. Qxf5 Qg8
15. Qg4 Rf8 16. Nf3 Qf7 17. Re2 Kd8 18. Ne5 Bxe5 19. dxe5 Nxe5 20. Qg3 Nd3 21.
Be3 g5 22. Rf1 Rhg8 23. h3 Rg6 24. f4 Rfg8 25. f5 Rf6 26. Qg4 Ne5 27. Qg3 Rxf5
28. Rxf5 Qxf5 29. Bxa7 Rf8 30. Rf2 Qf7 31. Rxf7 Nxf7 32. Bc5 Re8 33. Qe3 b6 34.
Bd4 Nd6 35. b3 Rf8 36. a3 c5 37. Be5 Nf5 38. Qd2 Ne7 39. c4 d4 40. b4 e3 41.
Qd3 Rf2 42. bxc5 Rd2 43. Qe4 e2 44. Kf2 d3 45. Bc3 e1=Q+ 1/2-1/2

[Event "SR 4. liga A21 2016/2017"]
[Site "?"]
[Date "2016.12.04"]
[Round "5.2"]
[White "Lajda, Dusan"]
[Black "Vach, Jozef"]
[Result "1-0"]
[WhiteElo "1777"]
[BlackElo "1711"]
[PlyCount "71"]
[EventDate "2016.??.??"]

1. e4 e5 2. Nf3 Nc6 3. Bc4 Be7 4. d4 d6 5. c3 Nf6 6. Nbd2 O-O 7. h3 h6 8. O-O
a6 9. a4 b6 10. Re1 exd4 11. cxd4 Na5 12. Ba2 Be6 13. d5 Bc8 14. Nd4 Bd7 15. b4
Nb7 16. N2f3 Nh7 17. Be3 Bf6 18. Rc1 Rc8 19. Bc4 Qe8 20. Bxa6 Bxa4 21. Qd3 Rb8
22. Rxc7 Nd8 23. b5 Ra8 24. Rc4 Rxa6 25. bxa6 Bb5 26. Nxb5 Qxb5 27. Rc3 Qd7 28.
Rb3 Ng5 29. Nxg5 Bxg5 30. Bxg5 hxg5 31. Rxb6 f6 32. Qb5 Qc7 33. Rb8 Qa7 34. Qb6
Qxb6 35. Rxb6 Nf7 36. a7 1-0

[Event "SR 4. liga A21 2016/2017"]
[Site "?"]
[Date "2016.12.04"]
[Round "5.2"]
[White "Kovarik, Oto"]
[Black "Orvisky, Vladimir"]
[Result "0-1"]
[WhiteElo "1793"]
[BlackElo "1740"]
[PlyCount "92"]
[EventDate "2016.??.??"]

1. e4 Nf6 2. Nc3 e5 3. d3 d6 4. Be2 c6 5. Nf3 Be7 6. O-O O-O 7. h3 Nbd7 8. Be3
Re8 9. d4 exd4 10. Bxd4 Qc7 11. Bc4 b5 12. Bd3 b4 13. Ne2 c5 14. Bxf6 Bxf6 15.
c3 bxc3 16. Nxc3 c4 17. Bc2 Bxc3 18. bxc3 Bb7 19. Re1 Nc5 20. Qd4 Ne6 21. Qd2
Rad8 22. Ng5 Nxg5 23. Qxg5 Re5 24. Qd2 Rde8 25. f3 Qe7 26. Qd4 d5 27. Qxa7 dxe4
28. fxe4 f5 29. Qd4 Bd5 30. a4 Qe6 31. a5 fxe4 32. a6 e3 33. Re2 Rg5 34. Kh2
Qd6+ 35. Kh1 Qc6 36. Qh4 Bxg2+ 37. Kg1 h6 38. Ba4 Qf6 39. Bxe8 Bf3+ 40. Kf1
Bxe2+ 41. Kxe2 Rg2+ 42. Kxe3 Qxh4 43. a7 Qf2+ 44. Ke4 Qe2+ 45. Kd5 Rg5+ 46. Kd4
Qd3# 0-1